LEADER 03657nam 22006732 450 001 9910450530803321 005 20151005020621.0 010 $a1-107-13182-0 010 $a1-280-43379-5 010 $a9786610433797 010 $a0-511-33125-8 010 $a1-139-14756-0 010 $a0-511-17041-6 010 $a0-511-06403-9 010 $a0-511-05770-9 010 $a0-511-54193-7 010 $a0-511-07249-X 035 $a(CKB)1000000000018056 035 $a(EBL)217934 035 $a(OCoLC)228111101 035 $a(SSID)ssj0000225200 035 $a(PQKBManifestationID)11194156 035 $a(PQKBTitleCode)TC0000225200 035 $a(PQKBWorkID)10230681 035 $a(PQKB)10260691 035 $a(UkCbUP)CR9780511541933 035 $a(MiAaPQ)EBC217934 035 $a(Au-PeEL)EBL217934 035 $a(CaPaEBR)ebr10070352 035 $a(CaONFJC)MIL43379 035 $a(EXLCZ)991000000000018056 100 $a20090501d2002|||| uy| 0 101 0 $aeng 135 $aur||||||||||| 181 $ctxt$2rdacontent 182 $cc$2rdamedia 183 $acr$2rdacarrier 200 10$aPower analysis for experimental research $ea practical guide for the biological, medical, and social sciences /$fR. Barker Bausell, Yu-Fang Li$b[electronic resource] 210 1$aCambridge :$cCambridge University Press,$d2002. 215 $a1 online resource (xi, 363 pages) $cdigital, PDF file(s) 300 $aTitle from publisher's bibliographic system (viewed on 05 Oct 2015). 311 $a0-521-02456-0 311 $a0-521-80916-9 320 $aIncludes bibliographical references (p. 358-361) and index. 327 $aThe conceptual underpinnings of statistical power -- Strategies for increasing statistical power -- General guidelines for conducting a power analysis -- The t-test for independent samples -- The paired t-test -- One-way between subjects analysis of variance -- One-way between subjects analysis of covariance -- One-way repeated measures analysis of variance -- Interaction effects for factorial analysis of variance -- Power analysis for more complex designs -- Other power analytic issues and resources for addressing them. 330 $aPower analysis is an essential tool for determining whether a statistically significant result can be expected in a scientific experiment prior to the experiment being performed. Many funding agencies and institutional review boards now require power analyses to be carried out before they will approve experiments, particularly where they involve the use of human subjects. This comprehensive, yet accessible, book provides practising researchers with step-by-step instructions for conducting power/sample size analyses, assuming only basic prior knowledge of summary statistics and the normal distribution. It contains a unified approach to statistical power analysis, with numerous easy-to-use tables to guide the reader without the need for further calculations or statistical expertise. This will be an indispensable text for researchers and graduates in the medical and biological sciences needing to apply power analysis in the design of their experiments. 606 $aMedicine$xResearch$xStatistical methods 606 $aStatistical power analysis 615 0$aMedicine$xResearch$xStatistical methods. 615 0$aStatistical power analysis. 676 $a610/.7/2 700 $aBausell$b R. Barker$f1942-$0970677 702 $aLi$b Yu-Fang$f1966- 801 0$bUkCbUP 801 1$bUkCbUP 906 $aBOOK 912 $a9910450530803321 996 $aPower analysis for experimental research$92480722 997 $aUNINA LEADER 03616nam 22008894a 450 001 9910964150603321 005 20200520144314.0 010 $a9786611965952 010 $a9781281965950 010 $a1281965952 010 $a9780226525297 010 $a0226525295 024 7 $a10.7208/9780226525297 035 $a(CKB)1000000000579649 035 $a(EBL)408350 035 $a(OCoLC)351439380 035 $a(SSID)ssj0000777502 035 $a(PQKBManifestationID)12369963 035 $a(PQKBTitleCode)TC0000777502 035 $a(PQKBWorkID)10756523 035 $a(PQKB)10933943 035 $a(SSID)ssj0000189752 035 $a(PQKBManifestationID)11180701 035 $a(PQKBTitleCode)TC0000189752 035 $a(PQKBWorkID)10166035 035 $a(PQKB)11395666 035 $a(StDuBDS)EDZ0000122531 035 $a(MiAaPQ)EBC408350 035 $a(DE-B1597)524814 035 $a(OCoLC)309366660 035 $a(DE-B1597)9780226525297 035 $a(Au-PeEL)EBL408350 035 $a(CaPaEBR)ebr10266038 035 $a(CaONFJC)MIL196595 035 $a(OCoLC)808772270 035 $a(Perlego)1851652 035 $a(EXLCZ)991000000000579649 100 $a20070828d2008 uy 0 101 0 $aeng 135 $aur|n|---||||| 181 $ctxt 182 $cc 183 $acr 200 10$aLaw and capitalism $ewhat corporate crises reveal about legal systems and economic development around the world /$fCurtis J. Milhaupt, Katharina Pistor 205 $a1st ed. 210 $aChicago $cUniversity of Chicago Press$d2008 215 $a1 online resource (281 p.) 300 $aDescription based upon print version of record. 311 08$a9780226525280 311 08$a0226525287 311 08$a9780226525273 311 08$a0226525279 320 $aIncludes bibliographical references( p. 249-262) and index. 327 $tFrontmatter -- $tCONTENTS -- $tPreface -- $tIntroduction -- $tPART I: FROM WEBER TO THE WORLD BANK, AND BEYOND -- $tPART II: INSTITUTIONAL AUTOPSIES -- $tPART III: IMPLICATIONS AND EXTENSIONS -- $tNotes -- $tReferences -- $tIndex 330 $aRecent high-profile corporate scandals?such as those involving Enron in the United States, Yukos in Russia, and Livedoor in Japan?demonstrate challenges to legal regulation of business practices in capitalist economies. Setting forth a new analytic framework for understanding these problems, Law and Capitalism examines such contemporary corporate governance crises in six countries, to shed light on the interaction of legal systems and economic change. This provocative book debunks the simplistic view of law's instrumental function for financial market development and economic growth. Using com 606 $aLaw and economics 606 $aCorporate governance$xLaw and legislation 606 $aIndustrial laws and legislation 606 $aLaw$xPolitical aspects 606 $aCapitalism$xMoral and ethical aspects 606 $aIndustrial organization (Economic theory) 615 0$aLaw and economics. 615 0$aCorporate governance$xLaw and legislation. 615 0$aIndustrial laws and legislation. 615 0$aLaw$xPolitical aspects. 615 0$aCapitalism$xMoral and ethical aspects. 615 0$aIndustrial organization (Economic theory) 676 $a340/.11 700 $aMilhaupt$b Curtis J.$f1962-$0514634 701 $aPistor$b Katharina$0514635 801 0$bMiAaPQ 801 1$bMiAaPQ 801 2$bMiAaPQ 906 $aBOOK 912 $a9910964150603321 996 $aLaw and capitalism$9851199 997 $aUNINA